| 000 | 00910cam a2200241 i 4500 | ||
|---|---|---|---|
| 999 |
_c2342 _d2342 |
||
| 001 | 19804 | ||
| 003 | BD-DhUAP | ||
| 005 | 20210128143036.0 | ||
| 008 | 200223s2016 njua bf 001 0 eng | ||
| 020 | _a9781118738979 (paperback : acidfree paper) | ||
| 020 | _a9781118739006 (epub) | ||
| 040 |
_aDLC _beng _cDLC _erda _dBD-DhUAP |
||
| 082 | 0 | 0 |
_a720.1 ARC _223 |
| 245 | 0 | 4 | _aThe architecture student's handbook of professional practice. |
| 250 | _a15th ed. | ||
| 264 | 1 |
_aHoboken, New Jersey : _bWiley, _cc2016. |
|
| 300 |
_aviii, 664 pages : _billustrations ; _c28 cm |
||
| 504 | _aIncludes bibliographical references and index. | ||
| 520 |
_a"This book is specifically written for architecture students about to begin their careers"-- _cProvided by publisher. |
||
| 650 | 0 |
_aArchitectural practice _zUnited States _vHandbooks, manuals, etc. |
|
| 710 | 2 | _aAmerican Institute of Architects. | |
| 942 |
_2ddc _cBK |
||